[Event "HUN-ch U16/18"]
[Site "Buek"]
[Date "2023.06.20"]
[Round "2"]
[White "Jaro, Benjamin"]
[Black "Szabo, Abel"]
[Result "1-0"]
[WhiteElo "2006"]
[BlackElo "2207"]
[PlyCount "115"]
[EventDate "2023.06.17"]
[EventType "swiss"]
[EventRounds "9"]
[EventCountry "HUN"]
[SourceTitle "CBM 215 Extra"]
[Source "ChessBase"]
[SourceDate "2023.09.30"]
[SourceVersion "1"]
[SourceVersionDate "2023.09.30"]
[SourceQuality "1"]

1. c4 c5 2. Nc3 Nc6 3. g3 g6 4. Bg2 Bg7 5. e3 e5 6. Nge2 Nge7 7. 0-0 Rb8 8. d4 cxd4 9. exd4 d6 10. dxe5 dxe5 11. Qxd8+ Nxd8 12. Be3 Ndc6 13. Nb5 Be6 14. Nd6+ Kf8 15. Rfd1 h6 16. Bd5 Bg4 17. f3 Nxd5 18. cxd5 Nd4 19. Bxd4 Bxf3 20. Bxa7 Ra8 21. Bc5 Bxe2 22. Rd2 Ba6 23. b4 b6 24. Bxb6 Rb8 25. Bc5 Kg8 26. Rb1 Bf8 27. a4 Rd8 28. Ne4 f5 29. Bxf8 fxe4 30. Bc5 Bd3 31. Ra1 Rxd5 32. a5 Kf7 33. a6 Ra8 34. a7 Ke6 35. Rf2 Rdd8 36. Ra5 Bc4 37. h3 Rd3 38. Rf8 Rd1+ 39. Kg2 Rd2+ 40. Rf2 e3 41. Bxe3 Bd5+ 42. Kg1 Rd3 43. Bxh6 Rxg3+ 44. Kh2 Rf3 45. Rxf3 Bxf3 46. Kg3 Bd5 47. b5 Bb7 48. b6 Kd6 49. Ra3 Kc6 50. Be3 Rf8 51. Kg4 Ba8 52. Rc3+ Kb7 53. h4 Rc8 54. Rxc8 Kxc8 55. Kg5 Be4 56. a8Q+ Bxa8 57. Kxg6 Be4+ 58. Kf6 1-0

[Event "HUN-chT2 Asztalos 1718"]
[Site "Hungary"]
[Date "2017.10.29"]
[Round "1.11"]
[White "Radics, Nora"]
[Black "Jaro, Benjamin"]
[Result "1-0"]
[WhiteElo "1639"]
[BlackElo "1737"]
[PlyCount "53"]
[EventDate "2017.10.29"]
[EventType "team-tourn"]
[EventRounds "9"]
[EventCountry "HUN"]
[SourceTitle "EXT 2021"]
[Source "ChessBase"]
[SourceDate "2020.10.23"]
[SourceVersion "1"]
[SourceVersionDate "2020.10.23"]
[SourceQuality "1"]
[WhiteTeam "Kiraly Sakk"]
[BlackTeam "Pecs Karmin"]
[WhiteTeamCountry "HUN"]
[BlackTeamCountry "HUN"]

1. d4 Nf6 2. f4 g6 3. e3 Bg7 4. Nf3 0-0 5. Bd3 d5 6. Nbd2 b6 7. 0-0 Bb7 8. c3 c5 9. Qe1 c4 10. Bc2 b5 11. e4 e6 12. e5 Nfd7 13. g4 b4 14. Qg3 f6 15. Qh3 fxe5 16. Ng5 h6 17. Nxe6 Qb6 18. Nxf8 Nxf8 19. fxe5 Nc6 20. Nf3 Nxe5 21. Nxe5 Bxe5 22. Bxh6 Bxd4+ 23. cxd4 Qxd4+ 24. Rf2 Qxb2 25. Raf1 Qd4 26. Kh1 Ne6 27. Bxg6 1-0

[Event "HUN-chT2 Asztalos 1516"]
[Site "Hungary"]
[Date "2016.04.17"]
[Round "11.1"]
[White "Szabo, Janos"]
[Black "Jaro, Benjamin"]
[Result "1/2-1/2"]
[WhiteElo "1664"]
[BlackElo "1714"]
[PlyCount "81"]
[EventDate "2015.09.13"]
[EventType "team-tourn"]
[EventRounds "11"]
[EventCountry "HUN"]
[SourceTitle "EXT 2017"]
[Source "ChessBase"]
[SourceDate "2016.10.25"]
[SourceVersion "1"]
[SourceVersionDate "2016.10.25"]
[SourceQuality "1"]
[WhiteTeam "Sarosd"]
[BlackTeam "Pecs Karmin"]
[WhiteTeamCountry "HUN"]
[BlackTeamCountry "HUN"]

1. e4 c5 2. c3 Nf6 3. e5 Nd5 4. Bc4 e6 5. Qf3 Nb6 6. Bb3 Be7 7. d3 d5 8. Qg4 Kf8 9. Nf3 h5 10. Qf4 Nc6 11. h4 d4 12. Ng5 Bxg5 13. hxg5 dxc3 14. g6 Qc7 15. 0-0 Rh6 16. gxf7 Rg6 17. f3 Qxf7 18. Nxc3 Qxf4 19. Bxf4 Ke7 20. Ne4 Nd4 21. Be3 Nxb3 22. axb3 Nd5 23. Bxc5+ Ke8 24. Rfd1 b6 25. Bf2 Nf4 26. Bg3 Ne2+ 27. Kf2 Nd4 28. Rh1 Nxb3 29. Ra3 Nc5 30. Nxc5 bxc5 31. Rxh5 Rh6 32. Rxh6 gxh6 33. Rc3 Rb8 34. Rc2 Ba6 35. Ke3 Rb3 36. Rxc5 Rxd3+ 37. Ke4 Rb3 38. Ra5 Bb7+ 39. Kd4 Rxb2 40. Rxa7 Bd5 41. Bf4 1/2-1/2

[Event "HUN-chT2 Asztalos 1516"]
[Site "Hungary"]
[Date "2015.11.29"]
[Round "6.8"]
[White "Szabo, Kristof"]
[Black "Jaro, Benjamin"]
[Result "1-0"]
[WhiteElo "2091"]
[BlackElo "1663"]
[PlyCount "63"]
[EventDate "2015.09.13"]
[EventType "team-tourn"]
[EventRounds "11"]
[EventCountry "HUN"]
[SourceTitle "CBM 170 Extra"]
[Source "ChessBase"]
[SourceDate "2016.02.25"]
[SourceVersion "1"]
[SourceVersionDate "2016.02.25"]
[SourceQuality "1"]
[WhiteTeam "Fehervar"]
[BlackTeam "Pecs Karmin"]
[WhiteTeamCountry "HUN"]
[BlackTeamCountry "HUN"]

1. g3 c5 2. Bg2 Nf6 3. e4 Nc6 4. Nc3 g6 5. Nge2 Bg7 6. 0-0 0-0 7. d3 e6 8. Be3 b6 9. h3 d5 10. Bg5 Ne7 11. exd5 exd5 12. Nf4 Bb7 13. Re1 Rb8 14. Re5 d4 15. Ncd5 Nexd5 16. Nxd5 Re8 17. Bxf6 Qd7 18. Bxg7 Kxg7 19. Rxe8 Rxe8 20. Nf4 Bxg2 21. Kxg2 Re5 22. Qf3 h6 23. a4 a5 24. b3 Kh7 25. Rd1 Kg7 26. Rd2 Qe8 27. Re2 Rxe2 28. Qxe2 Qxe2 29. Nxe2 Kf6 30. Kf3 Ke5 31. g4 f6 32. Ng3 1-0

[Event "HUN-ch U10"]
[Site "Balatonlelle"]
[Date "2015.06.22"]
[Round "6"]
[White "Jaro, Benjamin"]
[Black "Juhasz, Agoston Botond"]
[Result "0-1"]
[WhiteElo "1756"]
[BlackElo "1290"]
[PlyCount "56"]
[EventDate "2015.06.18"]
[EventType "swiss"]
[EventRounds "9"]
[EventCountry "HUN"]
[SourceTitle "CBM 167 Extra"]
[Source "ChessBase"]
[SourceDate "2015.09.14"]
[SourceVersion "1"]
[SourceVersionDate "2015.09.14"]
[SourceQuality "1"]

1. c4 e6 2. g3 d5 3. Bg2 Nf6 4. Nf3 Be7 5. 0-0 dxc4 6. Qa4+ c6 7. Qxc4 b5 8. Qc2 Bb7 9. d4 0-0 10. Nc3 Nbd7 11. Bf4 a6 12. e4 c5 13. Rfd1 Qb6 14. dxc5 Bxc5 15. Rd2 Rfd8 16. Rad1 Rac8 17. Qb1 h6 18. Bd6 Ne8 19. Bxc5 Nxc5 20. e5 Rxd2 21. Rxd2 Nc7 22. Rd6 Qa7 23. Qd1 Nd5 24. Nxd5 Bxd5 25. a3 Ne4 26. Nd4 Nxd6 27. exd6 Qb7 28. Bxd5 Qxd5 0-1

[Event "HUN-ch U10"]
[Site "Balatonlelle"]
[Date "2015.06.21"]
[Round "4"]
[White "Jaro, Benjamin"]
[Black "Fule, Simon"]
[Result "1-0"]
[WhiteElo "1756"]
[BlackElo "1386"]
[PlyCount "71"]
[EventDate "2015.06.18"]
[EventType "swiss"]
[EventRounds "9"]
[EventCountry "HUN"]
[SourceTitle "CBM 167 Extra"]
[Source "ChessBase"]
[SourceDate "2015.09.14"]
[SourceVersion "1"]
[SourceVersionDate "2015.09.14"]
[SourceQuality "1"]

1. e4 c5 2. Nf3 Nc6 3. c3 d6 4. d4 cxd4 5. cxd4 e6 6. Nc3 Nf6 7. g3 g6 8. Bg2 Bg7 9. 0-0 0-0 10. h3 a6 11. Be3 Re8 12. Qd2 d5 13. e5 Nd7 14. Bh6 Qb6 15. Bxg7 Kxg7 16. Rac1 h6 17. Rfd1 Qd8 18. Qe2 b5 19. Nxd5 Bb7 20. Nc3 Nb6 21. Ne4 Nc8 22. Nc5 Ra7 23. Nxb7 Rxb7 24. Rxc6 Ra7 25. Rdc1 Qd7 26. Qc2 Ne7 27. Rd6 Qb7 28. Nd2 Nd5 29. Qc6 Qxc6 30. Rdxc6 Nb4 31. Rc7 Rxc7 32. Rxc7 Nxa2 33. Ne4 Rd8 34. Nd6 Rf8 35. d5 exd5 36. Bxd5 1-0

[Event "HUN-ch U10"]
[Site "Balatonlelle"]
[Date "2015.06.18"]
[Round "1"]
[White "Kertesz, Aron Borsa"]
[Black "Jaro, Benjamin"]
[Result "1-0"]
[WhiteElo "1273"]
[BlackElo "1756"]
[PlyCount "71"]
[EventDate "2015.06.18"]
[EventType "swiss"]
[EventRounds "9"]
[EventCountry "HUN"]
[SourceTitle "CBM 167 Extra"]
[Source "ChessBase"]
[SourceDate "2015.09.14"]
[SourceVersion "1"]
[SourceVersionDate "2015.09.14"]
[SourceQuality "1"]

1. e4 c5 2. Nf3 Nc6 3. d4 cxd4 4. Nxd4 g6 5. Nc3 Bg7 6. Be3 d6 7. f3 Nf6 8. Qd2 Nxd4 9. Bxd4 0-0 10. 0-0-0 Bd7 11. g4 Qa5 12. Kb1 Rfb8 13. Bxf6 Bxf6 14. Nd5 Qxd2 15. Rxd2 Bg5 16. Rd1 Rd8 17. h4 Bf6 18. g5 Bg7 19. Nxe7+ Kf8 20. Nd5 Rac8 21. Ne3 Rc6 22. b3 a6 23. Nc4 Ke7 24. Ne3 Rdc8 25. Bd3 a5 26. Bb5 Rc5 27. Nd5+ Kd8 28. Bxd7 Rxc2 29. Bxc8 Rb2+ 30. Kc1 Kxc8 31. Nf6 Rxa2 32. Kb1 Rf2 33. Rc1+ Kb8 34. Rc3 h6 35. Rd3 Kc7 36. Ne8+ 1-0

[Event "Budapest Art Pub Cup 6th"]
[Site "Budapest"]
[Date "2015.01.04"]
[Round "5"]
[White "Forgacs, Andras"]
[Black "Jaro, Benjamin"]
[Result "1-0"]
[WhiteElo "1570"]
[BlackElo "1656"]
[PlyCount "55"]
[EventDate "2015.01.02"]
[EventType "swiss"]
[EventRounds "6"]
[EventCountry "HUN"]
[SourceTitle "CBM 164 Extra"]
[Source "ChessBase"]
[SourceDate "2015.03.02"]
[SourceVersion "1"]
[SourceVersionDate "2015.03.02"]
[SourceQuality "1"]

1. d4 d5 2. c4 c6 3. cxd5 cxd5 4. Nc3 Nf6 5. Bf4 Nc6 6. e3 a6 7. Bd3 e6 8. a3 Bd6 9. Bxd6 Qxd6 10. Nf3 Bd7 11. 0-0 0-0 12. Rc1 Rac8 13. Qd2 Na5 14. Qc2 Ba4 15. Qxa4 Nc4 16. Bxc4 Rxc4 17. Qb3 Rfc8 18. h3 b5 19. Ne5 R4c7 20. Na2 Ne4 21. Rxc7 Rxc7 22. Rc1 Rxc1+ 23. Nxc1 Qc7 24. Ncd3 f6 25. Nf3 Kf7 26. Qd1 Qc4 27. Nfe5+ fxe5 28. Nxe5+ 1-0

[Event "Budapest Art Pub Cup 6th"]
[Site "Budapest"]
[Date "2015.01.03"]
[Round "3"]
[White "Lauber, Kolos"]
[Black "Jaro, Benjamin"]
[Result "0-1"]
[WhiteElo "1412"]
[BlackElo "1656"]
[PlyCount "118"]
[EventDate "2015.01.02"]
[EventType "swiss"]
[EventRounds "6"]
[EventCountry "HUN"]
[SourceTitle "CBM 164 Extra"]
[Source "ChessBase"]
[SourceDate "2015.03.02"]
[SourceVersion "1"]
[SourceVersionDate "2015.03.02"]
[SourceQuality "1"]

1. e4 c5 2. Nf3 g6 3. d4 cxd4 4. Nxd4 Bg7 5. Nc3 Nc6 6. Be3 Nf6 7. Be2 0-0 8. 0-0 d6 9. h3 Bd7 10. Qd2 Re8 11. Bf3 Ne5 12. Be2 Rc8 13. Bh6 Bh8 14. Nf3 Nc4 15. Bxc4 Rxc4 16. Qd3 Rc8 17. Nd5 Nxd5 18. Qxd5 Bc6 19. Qb3 Qb6 20. Nd2 Bxb2 21. Rad1 Qxb3 22. cxb3 Bb5 23. Rfe1 Bc3 24. f3 Bd4+ 25. Kh1 Bf2 26. Be3 Bxe1 27. Rxe1 a6 28. a4 Bd7 29. Nc4 Be6 30. Nb6 Rc3 31. b4 Rb3 32. Bd2 Rd8 33. Nd5 Bxd5 34. exd5 Kf8 35. Bh6+ Ke8 36. Bg5 Rd7 37. Bd2 Rc7 38. Kh2 Kd7 39. Bg5 Kd8 40. Re4 Rd3 41. b5 axb5 42. axb5 b6 43. Be3 Rb7 44. Bd4 Rb3 45. Bg1 Rxb5 46. Rd4 Ra5 47. Rd2 b5 48. Bf2 b4 49. Be1 b3 50. Rd3 Ra2 51. Bc3 b2 52. Bxb2 Raxb2 53. Ra3 Ke8 54. Ra8+ Rb8 55. Ra7 R2b5 56. Ra4 Rxd5 57. Rh4 h5 58. Rf4 Rd8 59. Re4 Re5 0-1

[Event "Budapest Art Pub Cup 4th"]
[Site "Budapest"]
[Date "2014.04.20"]
[Round "6"]
[White "Jaro, Benjamin"]
[Black "Lakatos, Tamas"]
[Result "1/2-1/2"]
[WhiteElo "1487"]
[BlackElo "1555"]
[PlyCount "113"]
[EventDate "2014.04.16"]
[EventType "swiss"]
[EventRounds "7"]
[EventCountry "HUN"]
[SourceTitle "EXT 2015"]
[Source "ChessBase"]
[SourceDate "2014.11.20"]
[SourceVersion "1"]
[SourceVersionDate "2014.11.20"]
[SourceQuality "1"]

1. c4 Nf6 2. Nc3 c5 3. g3 e6 4. Bg2 d5 5. d3 d4 6. Ne4 Nxe4 7. Bxe4 Nd7 8. Bg2 Bd6 9. Nf3 0-0 10. 0-0 Qc7 11. e3 e5 12. Ng5 Nf6 13. exd4 cxd4 14. Ne4 Be7 15. Bg5 Nxe4 16. Bxe7 Nxf2 17. Rxf2 Qxe7 18. Qb3 Rb8 19. Raf1 Be6 20. Qd1 b6 21. Be4 Qg5 22. Bf5 Bxf5 23. Rxf5 Qe3+ 24. Kh1 f6 25. Qb3 Kh8 26. g4 e4 27. g5 exd3 28. R5f3 Qxg5 29. Qxd3 Rbd8 30. Rg1 Qe5 31. Rh3 f5 32. Qd1 Qe4+ 33. Rg2 Rd6 34. Qh5 Rh6 35. Qg5 Qe1+ 36. Rg1 Qxg1+ 37. Qxg1 Rxh3 38. Qxd4 Rh6 39. Qe5 Rhf6 40. Kg2 g5 41. Kg3 f4+ 42. Kf3 g4+ 43. Kf2 a6 44. Qd4 R8f7 45. b4 g3+ 46. hxg3 fxg3+ 47. Kg2 Kg8 48. Qg4+ Rg6 49. Qd4 Rf2+ 50. Kg1 Rh2 51. Qd8+ Kg7 52. Qe7+ Kh6 53. Qe3+ Kh5 54. Qe5+ Kh4 55. Qf4+ Kh5 56. Qf5+ Kh6 57. Qf8+ 1/2-1/2

[Event "Budapest Art Pub Cup 4th"]
[Site "Budapest"]
[Date "2014.04.19"]
[Round "5"]
[White "Hegedus, Luca"]
[Black "Jaro, Benjamin"]
[Result "0-1"]
[WhiteElo "1237"]
[BlackElo "1487"]
[PlyCount "112"]
[EventDate "2014.04.16"]
[EventType "swiss"]
[EventRounds "7"]
[EventCountry "HUN"]
[SourceTitle "EXT 2015"]
[Source "ChessBase"]
[SourceDate "2014.11.20"]
[SourceVersion "1"]
[SourceVersionDate "2014.11.20"]
[SourceQuality "1"]

1. Nf3 Nf6 2. d4 g6 3. Bf4 Bg7 4. e3 0-0 5. Be2 d6 6. h3 c5 7. c3 Qb6 8. Qb3 Qxb3 9. axb3 Nc6 10. Nbd2 cxd4 11. cxd4 Nd5 12. Bh2 Bd7 13. Bc4 Nb6 14. 0-0 e5 15. dxe5 dxe5 16. Bb5 Rfe8 17. Nc4 Nxc4 18. bxc4 e4 19. Nd4 a6 20. Bxc6 bxc6 21. Rad1 Be5 22. Bxe5 Rxe5 23. f4 exf3 24. Nxf3 Re7 25. Rd2 Kf8 26. Ng5 Kg7 27. Rxf7+ Rxf7 28. Nxf7 Be6 29. Nd6 Kf8 30. Rf2+ Ke7 31. c5 Rb8 32. Rc2 Rb3 33. e4 a5 34. Kf1 Kf6 35. Ke2 Ke5 36. Kf2 Kd4 37. Ke2 Rg3 38. Kf2 Rg5 39. Nb7 a4 40. Nd8 Bb3 41. Rc3 Rxc5 42. Rxc5 Kxc5 43. Kf3 Kb6 44. Kf4 Kc7 45. Nxc6 Kxc6 46. Kg5 Kd6 47. Kh6 Bc2 48. Kxh7 Bxe4 49. g4 Kc5 50. h4 Kb4 51. Kg7 Kb3 52. h5 gxh5 53. gxh5 Kxb2 54. h6 a3 55. h7 Bxh7 56. Kxh7 a2 0-1